In person--Achebe, Awoonor, and Soyinka at the University of Washington /

Saved in:
Bibliographic Details
Corporate Author: Washington (State). University. African Studies Program
Other Authors: Achebe, Chinua, Awoonor, Kofi, 1935-2013, Soyinka, Wole, Morell, Karen L.
Format: Book
Language:English
Published: Seattle : Austin : African Studies Program, Institute for Comparative and Foreign Area Studies, University of Washington ; initial distribution by African and Afro American Studies and Research Center, University of Texas, [1975]
Subjects:
Tags: Add Tag
No Tags, Be the first to tag this record!

MARC

LEADER 00000cam a2200000 i 4500
001 2694465
003 OSt
005 20200612122056.0
008 750820s1975 wau s101 0 eng
010 |a  75322027  
040 |a DLC  |c DLC  |d DLC 
043 |a f------ 
050 0 0 |a PR9340  |b .I5 
082 0 0 |a 820 
245 0 0 |a In person--Achebe, Awoonor, and Soyinka at the University of Washington /  |c edited by Karen L. Morell ; [ill. by Robin A. Morell]. 
260 |a Seattle :  |b African Studies Program, Institute for Comparative and Foreign Area Studies, University of Washington ;  |a Austin :  |b initial distribution by African and Afro American Studies and Research Center, University of Texas,  |c [1975] 
300 |a ix, 163 p. ;  |c 23 cm. 
500 |a Includes index. 
650 0 |a African literature (English)  |x History and criticism  |x Theory, etc.  |x Congresses. 
650 0 |a Authors, African  |x Interviews. 
651 0 |a Africa  |x In literature. 
700 1 |a Achebe, Chinua. 
700 1 |a Awoonor, Kofi,  |d 1935-2013. 
700 1 |a Soyinka, Wole. 
700 1 |a Morell, Karen L. 
710 1 |a Washington (State).  |b University.  |b African Studies Program. 
906 |a 7  |b cbc  |c orignew  |d 2  |e ncip  |f 19  |g y-gencatlg 
942 |2 lcc  |c BK 
952 |0 0  |1 0  |2 ddc  |4 0  |6 820_000000000000000  |7 0  |9 4  |a MPL  |b MPL  |d 2020-06-12  |l 0  |o 820  |r 2020-06-12 00:00:00  |w 2020-06-12  |y BK 
999 |c 2  |d 2